000
00221nam a2200097Ia 4500
008
240331s9999 xx 000 0 und d
082
_b
PUR
100
_a
Joshi,P.C. ed
245
0
_a
Puradchi-1857 :
_b
or aaivaranku
942
_c
L
999
_c
2286
_d
2286